Ngôn ngữ học đối chiếu

TriÌ€nh baÌ€y khái quát các vấn đêÌ€ cơ bản của ngôn ngữ hoÌ£c đối chiếu môÌ£t phân ngaÌ€nh ngôn ngữ hoÌ£c có giá triÌ£ ứng duÌ£ng cao: phaÌ£m vi ứng duÌ£ng; cơ sở nghiên cứu; nguyên tắc vaÌ€ phương pháp đối c...

詳細記述

保存先:
書誌詳細
第一著者: BuÌ€i, MaÌ£nh HuÌ€ng
フォーマット: 図書
言語:Undetermined
出版事項: H. Giáo duÌ£c 2008
主題:
オンライン・アクセス:http://lrc.tdmu.edu.vn/opac/search/detail.asp?aID=2&ID=7539
タグ: タグ追加
タグなし, このレコードへの初めてのタグを付けませんか!
Thư viện lưu trữ: Trung tâm Học liệu Trường Đại học Thủ Dầu Một
LEADER 01357nam a2200205Ia 4500
001 TDMU_7539
008 210410s9999 xx 000 0 und d
082 |a 410 
090 |b B534 
100 |a BuÌ€i, MaÌ£nh HuÌ€ng 
245 0 |a Ngôn ngữ học đối chiếu 
245 0 |c BuÌ€i MaÌ£nh HuÌ€ng 
260 |a H. 
260 |b Giáo duÌ£c 
260 |c 2008 
300 |a 288tr. 
520 |a TriÌ€nh baÌ€y khái quát các vấn đêÌ€ cơ bản của ngôn ngữ hoÌ£c đối chiếu môÌ£t phân ngaÌ€nh ngôn ngữ hoÌ£c có giá triÌ£ ứng duÌ£ng cao: phaÌ£m vi ứng duÌ£ng; cơ sở nghiên cứu; nguyên tắc vaÌ€ phương pháp đối chiếu ngôn ngữ; các biÌ€nh diêÌ£n nghiên cứu vaÌ€ môÌ£t số thử nghiêÌ£m phân tích đối chiếu ngôn ngữ.; AV090 Ngôn ngữ học đối chiếu 
650 |a Ngôn ngữ hoÌ£c đối chiếu; Ngôn ngữ; Ngôn ngữ hoÌ£c; Đối chiếu 
856 |u http://lrc.tdmu.edu.vn/opac/search/detail.asp?aID=2&ID=7539 
980 |a Trung tâm Học liệu Trường Đại học Thủ Dầu Một